MARC details
| 000 -LEADER |
| fixed length control field |
03363naa a2200349Ia 4500 |
| 003 - CONTROL NUMBER IDENTIFIER |
| control field |
OSt |
| 005 - DATE AND TIME OF LATEST TRANSACTION |
| control field |
20260418132930.0 |
| 008 - FIXED-LENGTH DATA ELEMENTS--GENERAL INFORMATION |
| fixed length control field |
260418s2017 xx 000 0 und d |
| 040 ## - CATALOGING SOURCE |
| Original cataloging agency |
Foundation University |
| Language of cataloging |
Eng |
| Transcribing agency |
Foundation University |
| Description conventions |
rda |
| 050 ## - LIBRARY OF CONGRESS CALL NUMBER |
| Classification number |
GS (Maed-Eng) LG 221 D35 G73 |
| Item number |
A5 E38 E55 2026 P37 |
| 099 ## - LOCAL FREE-TEXT CALL NUMBER (OCLC) |
| Classification number |
799 |
| 100 ## - MAIN ENTRY--PERSONAL NAME |
| Personal name |
Pasco, Coleen D. |
| 9 (RLIN) |
1517 |
| Relator term |
author. |
| 245 10 - TITLE STATEMENT |
| Title |
Unlocking difficult words : |
| Remainder of title |
teachers' use of vocabulary strategies [thesis] / |
| Statement of responsibility, etc. |
by Coleen D. Pasco |
| 264 ## - PRODUCTION, PUBLICATION, DISTRIBUTION, MANUFACTURE, AND COPYRIGHT NOTICE |
| Place of production, publication, distribution, manufacture |
Dumaguete City |
| Name of producer, publisher, distributor, manufacturer |
Foundation Uiniversity, |
| Date of production, publication, distribution, manufacture, copy right date |
2026. |
| Copyright Date |
2026. |
| 300 ## - PHYSICAL DESCRIPTION |
| Extent |
viii, 104 leaves |
| Other physical details |
ill. (chiefly color) ; |
| Dimensions |
28 cm. |
| Materials specified |
volume |
| Type of unit |
resource |
| 336 ## - CONTENT TYPE |
| Source |
rdacontent |
| Content type term |
text |
| Content type code |
txt |
| 337 ## - MEDIA TYPE |
| Source |
rdamedia |
| Media type term |
unmediated |
| Media type code |
n |
| 338 ## - CARRIER TYPE |
| Materials specified |
rdacarrier |
| Carrier type term |
volume |
| Carrier type code |
nc |
| 502 ## - DISSERTATION, THESIS NOTE |
| Dissertation note |
Graduate thesis (Master of Arts in Education Major in English) - - Foundation University, 2026. |
| 504 ## - BIBLIOGRAPHY, ETC. NOTE |
| Bibliography, etc. note |
Includes bibliographical references and appendices. |
| 520 ## - ABSTRACT, SUMMARY, ETC. |
| Abstract, Summary, etc. |
Abstract<br/>The study aimed to investigate the extent to which teachers utilize vocabulary<br/>strategies and the relationship of these strategies with the selected variables. It also<br/>determined the students' reading performance. The researcher utilized the<br/>descriptive-correlational survey and employed the systematic sampling technique<br/>in identifying the 180 Grade 7 respondents from the seven public secondary schools<br/>of Maria Districts 1 and 2 in the Division of Siquijor. The researcher used validated<br/>questionnaires and employed mean, percent, standard deviation, Chi-Square Test,<br/>and Spearman's Rank-Order Correlation in treating the data. The findings revealed<br/>that the extent of the teachers' utilization in terms of the following strategies is<br/>"high": (a) context clues, (b) word analysis, (c) use of dictionary, (d) breaking words<br/>into syllables, (e) making connections, () visualization/drawing. It was also found<br/>that the students' reading performance when exposed to a reading selection is<br/>"satisfactory". The data further indicated that the mentioned strategies are<br/>significantly related to the students' reading performance. Additionally, the findings<br/>also showed that book reading frequency and extent of encouragement of parents or<br/>guardians significantly relate to the students performance; however, sex, main<br/>source of income, number of books at home, and nunmber of magazines/newspapers<br/>do not. These findings emphasize that the higher the utilization of these strategies<br/>and the support of parents or guardians to home reading practices, the greater the<br/>students' gains in vo cabulary, comprehension, and overall reading outcome.<br/>Keywords: vocabulary strategies, reading performance, home learning environment,<br/>extent of utilization |
| 650 ## - SUBJECT ADDED ENTRY--TOPICAL TERM |
| Topical term or geographic name entry element |
Vocabulary |
| General subdivision |
Study and teaching. |
| 9 (RLIN) |
15516 |
| 650 ## - SUBJECT ADDED ENTRY--TOPICAL TERM |
| Topical term or geographic name entry element |
Language and languages |
| General subdivision |
Study and teaching. |
| 9 (RLIN) |
15517 |
| 650 ## - SUBJECT ADDED ENTRY--TOPICAL TERM |
| Topical term or geographic name entry element |
Reading comprehension. |
| 9 (RLIN) |
14619 |
| 650 ## - SUBJECT ADDED ENTRY--TOPICAL TERM |
| Topical term or geographic name entry element |
Teaching |
| General subdivision |
Methods. |
| 9 (RLIN) |
13723 |
| 658 ## - INDEX TERM--CURRICULUM OBJECTIVE |
| Main curriculum objective |
Thesis Writing 2 (Pre/Final Oral Defense : |
| Subordinate curriculum objective |
Education Major in English, Master of Arts in ; |
| Curriculum code |
MA 101 |
| 690 ## - LOCAL SUBJECT ADDED ENTRY--TOPICAL TERM (OCLC, RLIN) |
| Source of heading or term |
FU |
| Topical term or geographic name as entry element |
vocabulary strategies, |
| 9 (RLIN) |
15534 |
| 690 ## - LOCAL SUBJECT ADDED ENTRY--TOPICAL TERM (OCLC, RLIN) |
| Source of heading or term |
FU |
| Topical term or geographic name as entry element |
reading performance, |
| 9 (RLIN) |
15535 |
| 690 ## - LOCAL SUBJECT ADDED ENTRY--TOPICAL TERM (OCLC, RLIN) |
| Source of heading or term |
FU |
| Topical term or geographic name as entry element |
home learning environment, |
| 9 (RLIN) |
15536 |
| 690 ## - LOCAL SUBJECT ADDED ENTRY--TOPICAL TERM (OCLC, RLIN) |
| Source of heading or term |
FU |
| Topical term or geographic name as entry element |
extent of utilization |
| 9 (RLIN) |
15537 |
| 942 ## - ADDED ENTRY ELEMENTS (KOHA) |
| Source of classification or shelving scheme |
Library of Congress Classification |
| Koha item type |
Feasibility Study |
| Classification part |
LG 221 D35 G73 |
| Item part |
A5 E38 E55 2026 P37 |
| Call number prefix |
GS (Maed-Eng) |